Statistics for Super Smash Bros. Fighters by Picture

Click here to take the quiz!

General Stats

  • This quiz has been taken 221 times
  • The average score is 13 of 20

Answer Stats

Answer% Correct
R.O.B.
94%
Link
93%
Luigi
87%
Piranha Plant
85%
Mario
84%
Wii Fit Trainer
82%
Sonic
73%
Pac-Man
72%
Palutena
72%
Kirby
71%
Greninja
64%
Incineroar
64%
Mii Fighters
57%
Pikachu
56%
Joker
55%
Olimar
52%
Dark Pit
50%
Inkling
48%
Min Min
39%
Dark Samus
25%

Score Distribution

Percentile by Number Answered

Percent of People with Each Score

Your Score History

You have not taken this quiz